Czech Journal of International Relations

Guardado en:
Detalles Bibliográficos
Formato: Seriadas
Lenguaje:inglés
Publicado: Praha Institute of International Relations 2023
Etiquetas: Agregar Etiqueta
Sin Etiquetas, Sea el primero en etiquetar este registro!

MARC

LEADER 00000nas2a2200000 4500
001 0296482
005 20231002112506.1
022 |a 0323-1844 
041 0 |a eng 
044 |a CZ 
245 1 0 |a Czech Journal of International Relations 
264 1 |a Praha  |b Institute of International Relations  |c 2023 
773 0 |w eu_un_cat*s120060